Normal view
MARC view
- HERRICK, J.W
Entry Personal Name
001 - CONTROL NUMBER
- control field: 59230
003 - CONTROL NUMBER IDENTIFIER
- control field: NUST
005 - DATE AND TIME OF LATEST TRANSACTION
- control field: 20210628202311.0
008 - FIXED-LENGTH DATA ELEMENTS
- fixed length control field: 210628|| aca||aabn | a|a d
040 ## - CATALOGING SOURCE
- Original cataloging agency: NUST
- Transcribing agency: NUST
100 ## - HEADING--PERSONAL NAME
- Personal name: HERRICK, J.W
670 ## - SOURCE DATA FOUND
- Source citation: Work cat.: (NUST): HERRICK, J.W, ROCKET ENCYCLOPEDIA ILLUSTRATED, 1959
